Salmon Fishing in The Yemen (Record no. 351850)

000 -LEADER
fixed length control field 00503nam a22001817a 4500
003 - CONTROL NUMBER IDENTIFIER
control field OSt
005 - DATE AND TIME OF LATEST TRANSACTION
control field 20180116183056.0
008 - FIXED-LENGTH DATA ELEMENTS--GENERAL INFORMATION
fixed length control field 161021b xxu||||| |||| 00| 0 eng d
020 ## - INTERNATIONAL STANDARD BOOK NUMBER
International Standard Book Number 9780753821794
040 ## - CATALOGING SOURCE
Transcribing agency 0
082 ## - DEWEY DECIMAL CLASSIFICATION NUMBER
Classification number 823.92 TOR 2007
100 ## - MAIN ENTRY--PERSONAL NAME
Personal name Paul Torday
245 ## - TITLE STATEMENT
Title Salmon Fishing in The Yemen
Remainder of title A Wonderful Novel
Statement of responsibility, etc. Paul Torday
260 ## - PUBLICATION, DISTRIBUTION, ETC.
Place of publication, distribution, etc. Great Britain
Name of publisher, distributor, etc. The Orion Publishing Group's
Date of publication, distribution, etc. 2007
300 ## - PHYSICAL DESCRIPTION
Extent 330 p.
Other physical details PB
440 ## - SERIES STATEMENT/ADDED ENTRY--TITLE
Title Salmon Fishing in The Yemen
942 ## - ADDED ENTRY ELEMENTS (KOHA)
Source of classification or shelving scheme
Koha item type Book
Holdings
Withdrawn status Lost status Source of classification or shelving scheme Damaged status Not for loan Collection code Permanent Location Current Location Shelving location Date acquired Total Checkouts Total Renewals Full call number Barcode Date last seen Date last checked out Price effective from Koha item type
            Central Library (CL) Central Library (CL) Fiction 10/21/2016 1 2 823.92 TOR 2007 NBSD-2890 02/27/2025 02/25/2024 10/21/2016 Book
© 2023 Central Library, National University of Sciences and Technology. All Rights Reserved.